Most populous monarchies - Statistics

General Stats
  • This quiz has been taken 142 times
  • The average score is 14 of 18
Answer Stats
Population Country % Correct
67,8 m United Kingdom
100%
5,43 m Norway
92%
47,4 m Spain
92%
10,3 m Sweden
92%
126,9 m Japan
90%
34,2 m Saudi Arabia
87%
17,7 m Netherlands
86%
11,4 m Belgium
85%
5,82 m Denmark
85%
69,7 m Thailand
83%
9,89 m United Arab Emirates
76%
32,7 m Malaysia
70%
37,8 m Canada
67%
25,6 m Australia
65%
36,4 m Morocco
64%
10,6 m Jordan
60%
15,2 m Cambodia
59%
8,93 m Papua New Guinea
25%
No matching quizzes found
Score Distribution
Percent of People with Each Score
Percentile by Number Answered
Your Score History
You have not taken this quiz